| 000 | 00645nam a2200217 u 4500 | ||
|---|---|---|---|
| 005 | 20240924071312.0 | ||
| 008 | 160118s2010 mx r 000 0 spa d | ||
| 020 | _a9786074562347 | ||
| 035 | _aUPN01000207524 | ||
| 049 | _aI | ||
| 050 | 4 |
_aPZ78 _bR6.44 |
|
| 100 | 1 |
_aRogel, Andrea _938318 |
|
| 245 | 1 | 0 |
_aLibros y libros / _cAndrea Rogel ; il. Sandra Lavandeira. |
| 260 |
_aMéxico : _bProgreso, _c2010. |
||
| 300 |
_a[32] p. : _bil. col. |
||
| 440 | 0 |
_aRehilete. _pPara los que se inician en la lectura |
|
| 650 | 4 |
_aLibros y lectura para niños _92290 |
|
| 650 | 4 |
_aLiteratura infantil _94445 |
|
| 905 | _aInfantil | ||
| 999 |
_c179625 _d179625 |
||